Введение в электрохимию: пер. с англ.

Detalles Bibliográficos
Autor Principal: Глесстон С.
Summary:В книге в доступной форме изложены основные сведения по теории электрохимии, освещающие почти все разделы этой науки. Наиболее полно изложены: теории растворов электролитов, равновесных электродных процессов, учение о кислотно-щелочных и окислительно-восстановительных равновесиях, об электролизе, теория двойного электрического слоя, принципы применения электрохимии в химическом анализе и других практических областях, современные методы электрохимических измерений. К книге приложены таблицы стандартных потенциалов и коэффициентов активности. Книга может быть использована в качестве пособия и справочника инженерами химических производств, химиками-аналитиками и научными работниками различных областей, которым приходится сталкиваться с электрохимическими вопросами.
Idioma:ruso
Publicado: Москва, Изд-во иностранной литературы, 1951
Subjects:
Formato: MixedMaterials Libro
KOHA link:https://koha.lib.tpu.ru/cgi-bin/koha/opac-detail.pl?biblionumber=183998

MARC

LEADER 00000nam0a2200000 4500
001 183998
005 20231101223817.0
035 |a (RuTPU)RU\TPU\book\199473 
090 |a 183998 
100 |a 20100825d1951 m y0rusy50 ca 
101 1 |a rus  |c eng 
102 |a RU 
105 |a a z 001zy 
200 1 |a Введение в электрохимию  |e пер. с англ.  |f С. Глесстон 
210 |a Москва  |c Изд-во иностранной литературы  |d 1951 
215 |a 767 с.  |c ил. 
316 |5 63413507: КР-6836  |a На титульном листе владельческая подпись: "А. Стромберг" 
317 |5 63413507: КР-6836  |a Поступил в НТБ в 2020 г. в дар от дочери ученого Э. А. Захаровой 
320 |a Предметный указатель: с. 751-760 
330 |a В книге в доступной форме изложены основные сведения по теории электрохимии, освещающие почти все разделы этой науки. Наиболее полно изложены: теории растворов электролитов, равновесных электродных процессов, учение о кислотно-щелочных и окислительно-восстановительных равновесиях, об электролизе, теория двойного электрического слоя, принципы применения электрохимии в химическом анализе и других практических областях, современные методы электрохимических измерений. К книге приложены таблицы стандартных потенциалов и коэффициентов активности. Книга может быть использована в качестве пособия и справочника инженерами химических производств, химиками-аналитиками и научными работниками различных областей, которым приходится сталкиваться с электрохимическими вопросами. 
606 1 |a Электрохимия  |2 stltpush  |3 (RuTPU)RU\TPU\subj\21014  |9 46066 
610 1 |a электропроводность 
610 1 |a электролиты 
610 1 |a ионы 
610 1 |a свободная энергия 
610 1 |a активность 
610 1 |a обратимость 
610 1 |a электродные потенциалы 
610 1 |a окислительно-восстановительные системы 
610 1 |a кислоты 
610 1 |a ионы водорода 
610 1 |a гидролиз 
610 1 |a нейтрализация 
610 1 |a амфотерные электролиты 
610 1 |a поляризация 
610 1 |a перенапряжения 
610 1 |a осаждение 
610 1 |a коррозия металлов 
610 1 |a электролитическое окисление 
610 1 |a восстановление 
610 1 |a электрокинетические явления 
610 1 |a электродные процессы 
610 1 |a библиотека А. Г. Стромберга 
610 1 |a владельческая надпись 
675 |a 544.6  |v 4 
700 1 |a Глесстон  |b С. 
801 1 |a RU  |b 63413507  |c 20100825 
801 2 |a RU  |b 63413507  |c 20200720  |g RCR 
942 |c BK